000 01918nam a2200445 c 4500
001 44837
003 ES-MaCES
005 20170707132252.0
008 140630s2014 sp l o000 | spa d
017 _aM 3082-2002
_bDL
020 _a9788447606863
024 7 _a601-14-072-4
_2nipo
024 7 _a720-14-052-7
_2nipo
040 _aES-MaCES
_bspa
_cES-MaCES
110 1 _935033
_aEspaña
_tLey de cajas de ahorros y fundaciones bancarias
_d2013
245 0 0 _aLey 26/2013, de 27 de diciembre, de cajas de ahorros y fundaciones bancarias
_b: (actualización marzo 2014)
260 _a[Madrid]
_bMinisterio de Hacienda y Administraciones Públicas
260 _bMinisterio de Economía y Competitividad
_c[2014]
300 _a229 p.
_c17 cm
490 1 _aTextos legales / separata del Boletín Oficial de los Ministerios de Hacienda y Administraciones Públicas y de Economía y Competitividad
_v2-2014
500 _aÍndices
500 _aAnteriormente, v.a: Ministerio de Economía y Hacienda
500 _aAnteriormente, v.a: Textos legales / separata del Boletín Oficial del Ministerio de Economía y Hacienda
541 _cGratuito
650 4 _abanco
_928104
650 4 _afundaciones
_930815
650 4 _aactividad bancaria
_928105
650 4 _aEspaña
_926964
650 4 _alegislación económica
_927161
650 4 _atexto
_929624
650 4 _929763
_agrupo de ahorro y crédito
650 4 _930761
_asector financiero
653 1 0 _aLegislación
710 1 _93246
_aEspaña
_bMinisterio de Hacienda y Administraciones Públicas
_eed.
710 1 _aEspaña
_bMinisterio de Economía y Competitividad
_eed.
_93236
787 0 _tCajas de ahorros
_w(ES-MaCES)24197
830 0 _aTextos legales / separata del Boletín Oficial de los Ministerios de Hacienda y Administraciones Públicas y de Economía y Competitividad
_v2-2014
_934653
902 _aLIB Libro
942 _2CES
_cBK
_h6.1.
999 _c44837
_d44837